LEADER 01284nam0 22002891i 450 001 UON00288928 005 20231205103913.13 010 $a34-7600-293-4 100 $a20070227d1974 |0itac50 ba 101 $ager 102 $aDE 105 $a|||| 1|||| 200 1 $aLiteratur und Öffentlichkeit im ausgehenden 19. Jahrhundert$eStudien zur Rezeption des naturalistischen Theaters in Deutschland$fManfred Brauneck 210 $aStuttgart$cJ. B. Metzlersche Verlagsbuchhandlung$d1974 215 $a330 p.$d23 cm. 606 $aNaturalismo (letteratura)$xGermania$3UONC062186$2FI 606 $aTEATRO TEDESCO$xSec. 19$xStoria$3UONC062192$2FI 620 $aDE$dWiesbaden$3UONL003153 676 $a830.09$cLetteratura tedesca. Storia, descrizione, studi critici$v21 700 1$aBRAUNECK$bManfred$3UONV119886$0192574 712 $aMetzlersche Verlagsbuchhandlung$3UONV266502$4650 801 $aIT$bSOL$c20250919$gRICA 899 $aSIBA - SISTEMA BIBLIOTECARIO DI ATENEO$2UONSI 912 $aUON00288928 950 $aSIBA - SISTEMA BIBLIOTECARIO DI ATENEO$dSI TED 24 II C BRA $eSI LO 6296 5 996 $aLiteratur und Öffentlichkeit im ausgehenden 19. Jahrhundert$91247633 997 $aUNIOR LEADER 02724nam 22005775 450 001 9910337659203321 005 20251107173355.0 010 $a3-030-00991-2 024 7 $a10.1007/978-3-030-00991-5 035 $a(CKB)4100000007110689 035 $a(MiAaPQ)EBC5598605 035 $a(DE-He213)978-3-030-00991-5 035 $a(PPN)23146214X 035 $a(EXLCZ)994100000007110689 100 $a20181030d2019 u| 0 101 0 $aeng 135 $aurcnu|||||||| 181 $ctxt$2rdacontent 182 $cc$2rdamedia 183 $acr$2rdacarrier 200 10$aEigenvalue and Eigenvector Problems in Applied Mechanics /$fby Sorin Vlase, Marin Marin, Andreas Öchsner 205 $a1st ed. 2019. 210 1$aCham :$cSpringer International Publishing :$cImprint: Springer,$d2019. 215 $a1 online resource (262 pages) 225 1 $aAdvanced Structured Materials,$x1869-8441 ;$v96 311 08$a3-030-00990-4 327 $aQuadratic Forms -- Rigid Body Dynamics -- Continuum Mechanics. Strain and Stress Tensor -- Modal Analysis -- Stability (Elastic and Dynamic) -- Dynamical Systems. 330 $aThis book presents, in a uniform way, several problems in applied mechanics, which are analysed using the matrix theory and the properties of eigenvalues and eigenvectors. It reveals that various problems and studies in mechanical engineering produce certain patterns that can be treated in a similar way. Accordingly, the same mathematical apparatus allows us to study not only mathematical structures such as quadratic forms, but also mechanics problems such as multibody rigid mechanics, continuum mechanics, vibrations, elastic and dynamic stability, and dynamic systems. In addition, the book explores a wealth of engineering applications. 410 0$aAdvanced Structured Materials,$x1869-8441 ;$v96 606 $aMechanics, Applied 606 $aSolids 606 $aAlgebras, Linear 606 $aEngineering mathematics 606 $aSolid Mechanics 606 $aLinear Algebra 606 $aEngineering Mathematics 615 0$aMechanics, Applied. 615 0$aSolids. 615 0$aAlgebras, Linear. 615 0$aEngineering mathematics. 615 14$aSolid Mechanics. 615 24$aLinear Algebra. 615 24$aEngineering Mathematics. 676 $a512.9436 700 $aVlase$b Sorin$4aut$4http://id.loc.gov/vocabulary/relators/aut$0999621 702 $aMarin$b Marin$4aut$4http://id.loc.gov/vocabulary/relators/aut 702 $aÖchsner$b Andreas$4aut$4http://id.loc.gov/vocabulary/relators/aut 906 $aBOOK 912 $a9910337659203321 996 $aEigenvalue and Eigenvector Problems in Applied Mechanics$92294624 997 $aUNINA